000 00383 a2200169 4500
001 49715
020 _a8516036030
040 _cAnchieta - Bela Vista
100 _aCarr, Stella
240 1 0 _aCuidado, não olhe pra trás!
_lpor
245 1 0 _aCuidado, não olhe pra trás!
300 _a152
362 0 _a2003
440 1 _aModerna
650 4 _aLiteratura juvenil
942 _cBK
999 _c49715
_d49715